BIBLIOTECA PODER JUDICIAL
Portal Judicial TDF

Ley Bases y Puntos de Partida para la Libertad de los Argentinos (ley 27.742). Título IV: Promoción del Empleo Registrado / (Registro nro. 6007)

000 -LEADER
fixed length control field 01201nab a22002177a 4500
003 - CONTROL NUMBER IDENTIFIER
control field OSt
005 - DATE AND TIME OF LATEST TRANSACTION
control field 20260116160025.0
008 - FIXED-LENGTH DATA ELEMENTS--GENERAL INFORMATION
fixed length control field 190605e xxu||||| |||| 00| 0 spa d
040 ## - CATALOGING SOURCE
Transcribing agency PJ
100 ## - MAIN ENTRY--PERSONAL NAME
9 (RLIN) 6818
Personal name Gurdulich, Graciela M.
245 10 - TITLE STATEMENT
Title Ley Bases y Puntos de Partida para la Libertad de los Argentinos (ley 27.742). Título IV: Promoción del Empleo Registrado /
Statement of responsibility, etc Graciela M. Gurdulich.
260 ## - PUBLICATION, DISTRIBUTION, ETC. (IMPRINT)
Place of publication, distribution, etc Ciudad Autónoma de Buenos Aires :
Name of publisher, distributor, etc Thomson Reuters La Ley,
Date of publication, distribution, etc 2025.
300 ## - PHYSICAL DESCRIPTION
Extent p. 43-45
500 ## - GENERAL NOTE
General note Cita Online: Cita: TR LALEY AR/DOC/861/2025.
505 ## - FORMATTED CONTENTS NOTE
Formatted contents note Sumario: I. Introducción.— II. Análisis.— III. El problema que suscita la condonación de aportes y contribuciones al SIPA (Sistema Integrado Previsional Argentino, ley 24.241).— IV. Naturaleza de los recursos.— V. Colofón.— VI. El dec. 847/2024 (BO 26/09/2024). <br/>
505 ## - FORMATTED CONTENTS NOTE
Title ¿Te interesa el texto completo? Solicitalo al correo: koha@justierradelfuego.gov.ar<br/>
650 #0 - SUBJECT ADDED ENTRY--TOPICAL TERM
9 (RLIN) 1316
Topical term or geographic name as entry element DERECHO LABORAL
653 ## - INDEX TERM--UNCONTROLLED
Uncontrolled term MORATORIA PREVISIONAL
773 0# - HOST ITEM ENTRY
Host Biblionumber 2711
Host Itemnumber 3168
Place, publisher, and date of publication Ciudad Autónoma de Buenos Aires : Thomson Reuters La Ley, 1999-2002.
Title Revista de derecho del trabajo. Nº 3 - Mayo 2025
942 ## - ADDED ENTRY ELEMENTS (KOHA)
Source of classification or shelving scheme
Koha item type Analítica Artículo de Revista

No hay ítems disponibles.

12 de Octubre 789 Ushuaia - Tel:  54(02901)441571
Horario de Atención: 8.00 a 17.00 hs. 
bibliotecaush@justierradelfuego.gov.ar
koha@justierradelfuego.gov.ar
Seguinos en nuestras redes @bibliojustdf 

Con tecnología Koha